| Tag |
First Indicator |
Second Indicator |
Subfields |
| LEADER |
00000cam a2200000Ma 4500 |
| 001 |
in00001646021 |
| 005 |
20151023095758.0 |
| 008 |
891025s1776 sp a 000 0 spa d |
| 035 |
|
|
|a (OCoLC)ocm23617327
|
| 040 |
|
|
|a EYM
|c EYM
|d TXA
|d UtOrBLW
|
| 049 |
|
|
|a TXAM
|
| 050 |
|
4 |
|a V 167
|b .M47
|
| 090 |
|
|
|a V167
|b .M47 1776
|
| 100 |
1 |
|
|a Mazarredo y Gortázar, José de,
|d 1745-1812.
|
| 245 |
1 |
0 |
|a Rudimentos de tactica naval para instruccion de los oficiales subalternos de marina /
|c ordenados por d. Josef de Mazarredo Salazar.
|
| 264 |
|
1 |
|a Madrid :
|b Por d. J. Ibarra,
|c 1776.
|
| 300 |
|
|
|a xiv, 216 pages :
|b folded illustrations ;
|c 25 cm.
|
| 336 |
|
|
|a text
|b txt
|2 rdacontent
|
| 337 |
|
|
|a unmediated
|b n
|2 rdamedia
|
| 338 |
|
|
|a volume
|b nc
|2 rdacarrier
|
| 500 |
|
|
|a Numbers 161-170 omitted in paging.
|
| 650 |
|
0 |
|a Naval tactics.
|
| 994 |
|
|
|a E0
|b TXA
|
| 948 |
|
|
|a cataloged
|b h
|c 2001/11/30
|d c
|e mzajicek
|f 2:47:38 pm
|
| 999 |
|
|
|a MARS
|
| 999 |
f |
f |
|s 0fe05151-b6ff-3fc5-b603-201efe1d5c26
|i 6abc2467-8b38-3fca-9d63-bfaea5dfead5
|t 0
|
| 952 |
f |
f |
|p noncirc
|a Texas A&M University
|b College Station
|c Cushing Memorial Library & Archives
|d Cushing: Ragan Military (Does not check out)
|t 0
|e V167 .M47 1776
|h Library of Congress classification
|i unmediated -- volume
|
| 998 |
f |
f |
|a V167 .M47 1776
|t 0
|l Cushing: Ragan Military (Does not check out)
|